000 00714nam a2200229Ii 4500
003 JO-AjNU
008 230605s9999||||xx |||||||||||||| ||und||
017 _a2014/7/9053
020 _a978-9957-596-04-0
040 _aJO-AjNU
_bara
_erda
_cJO-AjNU
041 _aara
050 1 4 _aG155 2014
100 3 _aتاليف عبدالله، أحمد علي,
_eauthor
_950917
245 0 0 _aالتخطيط والتنمية السياحية
250 _aط1
264 3 1 _aعمان: مؤسسة الوراق، 2014
300 _a229ص
336 _atext
_btxt
_2rdacontent
337 _aunmediated
_bn
_2rdamedia
338 _avolume
_bnc
_2rdacarrier
650 4 _aالتنمية- السياحة- التخطيط
_950918
999 _aA22459
_c26027
_d26027